000 00534nam a2200181 a 4500
005 20140310183601.0
008 111201s19uu xx 00 eng d
020 _a9789719395270
050 _aHF 5719
_b.D362 2011
100 _ade los Reyes, Rodolfo A.
245 _aWriting difficult messages /
_cRodolfo A. de los Reyes.
260 _aManila :
_bDesign Plus,
_c2011.
300 _a155 p. :
_bill. ;
_c23 cm.
521 _aBSBA
650 _aBusiness writing
_xhandbooks, manuals, etc.
942 _cBK
_2lcc
_kLOC
999 _c25095
_d25095